Journal of tea science research

Bibliographic Details
Format: Electronic Journal
Language:English
Published: Richmond, British Columbia : Sophia Publishing Group, 2011-
Subjects:
Online Access:Full text available from Research Library: 01/01/2011 to 01/31/2017

MARC

LEADER 00000nas a2200000 i 4500
001 ssj0001073598
003 WaSeSS
005 20200512172242.0
006 m d
007 cr n
008 131221c20119999bcca| p|s|||||| |0eng d
035 |a (WaSeSS)ssj0001073598 
040 |a WaSeSS  |b eng  |c WaSeSS  |d WaSeSS 
050 1 4 |a HD9198.A1 
245 0 0 |a Journal of tea science research  |h [electronic resource]. 
260 |a Richmond, British Columbia :  |b Sophia Publishing Group,  |c 2011- 
310 |a Annual 
362 1 |a Began with Volume 1, Number 1 (2011). 
506 |a License restrictions may limit access. 
588 |a Description based on: Volume 1, Number 1 (2011); title from article pdf (ProQuest, viewed Dec. 20, 2013). 
588 |a Latest issue consulted: Volume 3, Number 1 (2013) (viewed Dec. 20, 2013). 
650 0 |a Tea trade  |v Periodicals. 
650 0 |a Tea  |x Research  |v Periodicals. 
655 0 |a Electronic journals. 
856 4 0 |z Full text available from Research Library: 01/01/2011 to 01/31/2017  |u https://search.proquest.com/publication/1736347